[Event "Mittelrhein Verbandsliga-M 15/16"]
[Site "Nordrheinwestfalen"]
[Date "2016.03.13"]
[Round "9.6"]
[White "Brochhagen, Thomas"]
[Black "Gadjisade, Machmud"]
[Result "1/2-1/2"]
[WhiteElo "1902"]
[BlackElo "1826"]
[PlyCount "41"]
[EventDate "2015.09.06"]
[EventType "team-tourn"]
[EventRounds "11"]
[EventCountry "GER"]
[SourceTitle "EXT 2022"]
[Source "ChessBase"]
[SourceDate "2021.10.06"]
[SourceVersion "1"]
[SourceVersionDate "2021.10.06"]
[SourceQuality "1"]
[WhiteTeam "Langenfeld II"]
[BlackTeam "Gruenfeld"]
[WhiteTeamCountry "GER"]
[BlackTeamCountry "GER"]

1. d4 Nf6 2. Nf3 g6 3. c3 Bg7 4. Bf4 0-0 5. e3 d6 6. h3 e6 7. Nbd2 Nc6 8. Bb5 Ne7 9. 0-0 Bd7 10. a4 Bc6 11. Bd3 Nd7 12. Qc2 f5 13. Bg5 h6 14. Bxe7 Qxe7 15. e4 d5 16. e5 g5 17. Nh2 Nxe5 18. dxe5 Bxe5 19. Rae1 Qd6 20. Nhf3 Bg7 21. Nd4 1/2-1/2